000 00652nam a2200229Ia 4500
003 GCL
008 140319s9999 xx 000 0 ara d
040 _aGCL /
_cGCL
082 0 4 _a811.2
_bا د
100 1 _aساعدة بن جؤية
245 1 0 _aديوان الهذليين /
_cساعدة بن جؤية
700 1 _aابوذؤيب
260 _a[S.N] :
_bدار الكتب المصرية
300 _aمتعدد الترقيم
490 _a
650 0 4 _aالشعر العربى
650 0 4 _aالادب العربى
650 0 4 _aالعصر الجاهلى
650 0 4 _aالادب
650 0 4 _aالمجموعات
942 _2ddc
_cBK
999 _c58784
_d58784